| 000 | 00483nam a2200181Ia 4500 | ||
|---|---|---|---|
| 008 | 131103s9999 xx 000 0 und d | ||
| 040 | _aLoreto College | ||
| 041 | _aEnglish | ||
| 082 |
_aF/THA _bLCBED/6678 |
||
| 100 | _aThackeray, William Makepeace | ||
| 245 |
_aVanity fair _cWilliam Makepeace Thackeray |
||
| 260 |
_aLondon _bJ M Dent _c1930 |
||
| 300 |
_a699p. _c 18cm. |
||
| 440 | _aEveryman's Library | ||
| 650 | _aEnglish fiction | ||
| 850 | _aLCBED/F/THA | ||
| 942 | _cBK | ||
| 999 |
_c33163 _d83642 |
||